| 000 | 00743nam a2200229 i 4500 | ||
|---|---|---|---|
| 001 | 142081 | ||
| 003 | ES-MaACL | ||
| 005 | 20250822095129.0 | ||
| 007 | t| | ||
| 008 | 071002s1969 sp ||||1| spa d | ||
| 245 | 0 | 0 |
_aVisados para el humor / _cpor Jacques Bergier, Jean Charles Guy Breton, François Chevais ; [traducido por F. Moll-Camps]. |
| 250 | _a1ª ed. | ||
| 260 |
_aBarcelona : _bGrijalbo, _c1969. |
||
| 300 |
_a116 p. : _bil. ; _c20 cm. |
||
| 650 | 1 | 7 |
_aHumorismo _2embne _913509 |
| 700 | 1 |
_aBergier, Jacques. _927989 |
|
| 700 | 1 |
_aGuy Breton, Jean Charles. _961261 |
|
| 700 | 1 |
_aChevais, François. _938404 |
|
| 700 | 1 |
_aMoll i Camps, Francesc. _9161375 |
|
| 852 |
_aES-MaACL _jC-35614 _bR.68778 |
||
| 999 |
_c142081 _d142081 |
||